Statistiche per Riconosci il Trasferimento - Quiz n°10

Clicka qui per fare il quiz!

Statistiche generali

  • Questo quiz è stato fatto 1.104 volte
  • Il punteggio medio è 15 su 20

Statistiche sulle risposte

RuoloNazioneTrasferimentiGiacatore% Corretto
AttaccantePortogalloSporting Lisbona 2017 - Lilla 2018 - Milan 2019Rafael Leão
98%
DifensoreOlandaJong Ajax 2016 - Ajax 2016 - Juventus 2019 - Bayern Monaco 2022Matthijs de Ligt
94%
AttaccanteColombiaAmerica de Cali 2008 - Estudiantes La Plata 2011 - Napoli 2013 - Udinese 2015 - Sampdoria 2017 - Atalanta 2018Duván Zapata
93%
CentrocampistaBrasile/ItaliaVerona 2009 - Sambonifacese 2010 - Verona 2011 - Napoli 2014 - Chelsea 2018Jorginho
90%
CentrocampistaCroaziaBasilea 2005 - Schalke 04 - Siviglia 2011 - Barcellona 2014 - Siviglia 2020Ivan Rakitić
89%
PortiereItaliaUdinese 2015 - SPAL 2016 - Napoli 2018Alex Meret
86%
DifensoreFranciaAtletico Madrid B 2015 - Alaves 2016 - Real Madrid 2017 - Real Sociedad 2018 - Milan 2019Theo Hernández
86%
CentrocampistaBrasileFlamengo 2015 - Milan 2019 - Olympique Lione 2020 - West Ham Utd 2022Lucas Paquetá
83%
DifensoreGermaniaBayern Monaco II 2006 - Bayern Monaco 2006 - Borussia Dortmund 2008 - Bayern Monaco 2016 - Borussia Dortmund 2019Mats Hummels
81%
CentrocampistaArgentinaRacing Club 2012 - Valencia 2014 - Racing Club 2016 - Udinese 2016 - Atletico Madrid 2021Rodrigo De Paul
80%
AttaccantePortogalloPorto B 2013 - Porto 2015 - Milan 2017 - Siviglia 2018 - Milan 2019 - Eintracht Francoforte 2019 - Red Bull LipsiaAndré Silva
77%
PortierePoloniaArsenal 2008 - Brentford 2009 - Arsenal 2010 - Roma 2015 - Juventus 2017Wojciech Szczęsny
76%
AttaccanteGuinea-Bissau/SpagnaBarcellona 2019Ansu Fati
73%
PortiereItaliaPalermo 2006 - Cremonese 2007 - Ancona 2008 - Palermo 2009 - Paris Saint-Germain 2011 - Siviglia 2016 - Osasuna 2017 - Torino 2017 - Genoa 2021 - Napoli 2022Salvatore Sirigu
73%
CentrocampistaSvizzeraServette 2014 - Young Boys 2015 - Borussia Mönchengladbach 2017 - Juventus 2022 - Chelsea 2022Denis Zakaria
72%
Difensore/CentrocampistaBrasileSan Paolo 2010 - Real Madrid Castilla 2013 - Real Madrid 2013 - Porto 2014 - Real Madrid 2015 - Manchester United 2022Casemiro
71%
CentrocampistaArgentinaRiver Plate 2020 - Defensa y Justicia 2020 - River Plate 2021 - Benfica 2022Enzo Fernández
64%
DifensoreUruguayDefensor 2005 - Villareal 2007 - Recreativo Huelva 2007 - Barcellona 2008 - Juventus 2009 -Siviglia 2010 - Juventus 2012 - Southampton 2017 - Verona 2017 - Lazio 2018 -Juventus 2019 - Fiorentina 2019 - Cagliari 2021 - Levante 2022 - LA Galaxy 2022Martín Cáceres
57%
CentrocampistaInghilterraLeeds Utd 2015 - Manchester City 2022Kalvin Philips
55%
Trequartista/AttaccanteBelgioLens 2011 - Zulte Waregem 2012 - Borussia Mönchengladbach 2014 - Borussia Dortmund 2019Thorgan Hazard
43%

Distribuzione punteggi

Percentile per numero di risposta

Percentuale di utenti per punteggio

I tuoi punteggi nel tempo

Non hai fatto questo quiz